000 00360nam a2200157Ia 4500
008 210210b1957 xxu||||| |||| 00| 0 eng d
041 _aeng
082 _a822/87
100 _aBEKE (Lazlo)
245 _aStudents diary
260 _aLondon
_bHutchinson & Co.,
_c1957
650 _aStudents
650 _adiary
690 _aEnglish Prose
906 _a012274
999 _c131060
_d131060